000 00532nam a2200205Ia 4500
008 180207s9999 xx 000 0 und d
020 _a9780061549236
050 _bO185 2008
100 _aO'Connor, Jane.
245 _aFavorite fancy words :
245 _bfrom accessories to zany /
245 _cby Jane O'Connor and Robin Preiss Glasser.
260 _aNew York :
260 _bHarperCollins,
260 _c2008
300 _aunpaged :
300 _bcolor illustration ;
300 _c23cm.
440 _aFancy Nancy.
999 _c355503
_d355503